000 00237nam a2200097Ia 4500
005 20251222114409.0
008 251222s1900||||xx |||||||||||||| ||spa||
082 _aDVD0070/F52/2010/BR
245 0 _aRed social:The social network
942 _cDVD
999 _c1977
_d1977